000 00419nam a2200157Ia 4500
008 240729s9999 xx 000 0 und d
022 _a1607-887X
245 0 _aDiscrete Dynamics in Nature and Society
260 _aUnited Kingdom
260 _bHindawi Limited
650 _a Mathematics
650 _aScience
856 _uhttps://doaj.org/toc/6bb846e45529421eb3cd07cd3192f047
942 _2ddc
942 _cDOAJEJ
999 _c71593
_d71593
945 _a1
_bMadushi Gamage
_c1
_dMadushi Gamage